Sports Quiz

Random Sports or Basketball Quiz

NBA - Can you name 1 player on each team by logo? 13-14 Quiz Stats

Quiz not verified by Sporcle

Score 0/30 Timer 05:00
1 Play Today
% Correct
Augustin, Boozer, J. Butler, Dunleavy, Gibson, Hinrich, Mohammed, Murphy, Noah, Rose, Shengelia, Snell
96.6%
A. Anderson, Blatche, R. Evans, Garnett, J. Johnson, Kirilenko, Livingston, B. Lopez, Pierce, Plumlee, Teletovic, M. Teague, Terry, De. Williams
95.7%
Blake, Bryant, Farmar, P. Gasol, Henry, J. Hill, W. Johnson, Kaman, Kelly, Marshall, Meeks, Nash, Sacre, Young
95.6%
R. Allen, C. Andersen, Battier, Beasley, Chalmers, Cole, Douglas, Haslem, L. James, J. Jones, R. Lewis, Mason Jr., Oden, Wade
95.6%
M. Barnes, Bullock, Collison, Ja. Crawford, Dudley, W. Green, Griffin, Hollins, Jamison, Jordan, Mullens, Paul, Redick, Turkoglu, Vujacic
95.5%
Asik, Beverley, R. Brewer, A. Brooks, Canaan, Cassapi, Covington, Garcia, Harden, D. Howard, T. Jones, Lin, Motiejunas, Parsons, G. Smith
95.5%
H. Barnes, Bazemore, Bogut, M. Brooks, Jo. Crawford, Curry, Ezeli, D. Green, Iguodala, Kuzmic, D. Lee, Nedovic, O'Neal, Speights, K. Thompson
95.4%
Bennett, Clark, Dellavedova, Deng, Felix, Gee, Irving, Jack, Karasec, Miles, Sims, T. Thompson, Varejao, Waiters
95.2%
R. Butler, A. Bynum, Copeland, George, Granger, Hibbert, G. Hill, S. Hill, O. Johnson, Mahinmi, Scola, Sloan, Stephenson, Watson, West
94.5%
Adams, N. Collison, Durant, Fisher, Ibaka, R. Jackson, P. Jones, J. Lamb, Perkins, Roberson, Sefolosha, Thabeet, Westbrook
94.2%
J. Anthony, Bass, Bayless, Bogans, Bradley, Faverani, J. Green, Humphries, C. Johnson, Olynyk, Pressey, Rondo, Sullinger, Wallace
94.1%
Blair, Calderon, Carter, Crowder, Dalembert, Ellington, Ellis, Harris, B. James, Larkin, Ledo, Marion,Mekel, Nowitzki, B. Wright
93.9%
Antic, Ayon, Brand, Carroll, Cunningham, Horford, Jenkins, Korver, Mack, Martin, Millsap, Shroder, Scott,Teague, L. Williams
93.9%
Aldrich, C. Anthony, Bargnani, T. Chandler, Felton, Hardaway Jr., Ke. Martin, Murry, Prigioni, Shumpert, J.R. Smith, Stoudemire, Tyler, Udrih, World Peace
93.8%
T. Allen, Calathes, Conley, E. Davis, Franklin, M. Gasol, Ja. Johnson, Koufos, C. Lee, Leuer, M. Miller, D. Morris, Pondexter, Prince, Z. Randolph
93.2%
% Correct
Ajinca, Aminu, R. Anderson, Babbitt, A. Davis, T. Evans, E. Gordon, Holiday, D. Miller, Morrow, Rivers, Roberts, Ja. Smith, Stiemsma, Withey
92.2%
Ayres, Baynes, Belinelli, Bonner, Brown, de Colo, Diaw, Duncan, Ginobili, D. Green, Joseph, K. Leonard, Mills, Parker, Splitter
91.2%
Barea, C. Brewer, Budinger, Cunninham, Dieng, Hummel, Love, Kev. Martin, Mbah a Moute, Muhammad, Pekovic, Price, Rubio, Shved, Turiaf
90.6%
Billups, W. Bynum, Caldwell-Pope, Datome, Drummond, Harrellson, Jennings, Jerebko, Mitchell, Monroe, Singler, Siva, J. Smith, Stuckey, Villanueva
89.6%
Aldridge, Barton, Batum, Claver, Crabbe, Freeland, M. Leonard, Lillard, R. Lopez, Matthews, McCollum, T. Robinson, Watson, M. Williams, D. Wright
89.3%
Ariza, Beal, Booker, Gortat, Harrington, Maynor, Nene, Porter, Rice, Seraphin, Singleton, Temple, Vesely, Wall, Webster
88.1%
Adrien, Biyombo, Douglas-Roberts, Gordon, Haywood, Henderson, A. Jefferson, Kidd-Gilchrist, McRoberts, Pargo, Sessions, Taylor, Tolliver, Walker, C. Zeller
87.7%
Acy, Cousins, Fredette, Gay, Gray, Landry, McCallum, McLemore, Outlaw, I. Thomas, J. Thompson, Thornton, Derr. Williams
87.7%
Arthur, W. Chandler, Faried, Fournier, Foye, Gallinari, J. Hamilton, Hickson, Lawson, McGee, A. Miller, Q. Miller, Mozgov, A. Randolph, N. Robinson
87.4%
Buycks, Daye, DeRozan, Fields, Hansbrough, Hayes, A. Johnson, Lowry, Novak, Patterson, Ross, Salmons, Stone, Valanciunas, Vasquez
84.4%
Barbosa, Bledsoe, Christmas, Dragic, Frye, Goodwin, G. Green, Kravtsov, Len, Marc. Morris, Mark. Morris, Okafor, Plumlee, I. Smith, Tucker
84.3%
Afflalo, G. Davis, Harkless, T. Harris, D. Lamb, Maxiell, Moore, Nelson, Nicholson, O'Quinn, Oladipo, R. Price, Vucevic
83.7%
Biedrins, T. Burke, A. Burks, I. Clark, J. Evans, Favors, Garrett, Gobert, Hayward, R. Jefferson, Kanter, Lucas III, Rush, M. Thomas, Ma. Williams
82.6%
L. Allen, J. Anderson, L. Brown, Carter-Williams, Davies, Hawes, Moultrie, Noel, Richardson, H. Thompson, Turner, E. Williams, Wroten, Young
82%
Antetokounmpo, C. Butler, Delfino, Henson, Ilyasova, Knight, Mayo, Middleton, Neal, Pachulia, Raduljica, Ridnour, Sanders, Udoh, Wolters
78.6%

You're not logged in!

Compare scores with friends on all Sporcle quizzes.
Sign Up with Email
OR
Log In

You Might Also Like...

Show Comments

Extras

Top Quizzes Today


Score Distribution

Your Account Isn't Verified!

In order to create a playlist on Sporcle, you need to verify the email address you used during registration. Go to your Sporcle Settings to finish the process.